000 00461nam a2200169Ia 4500
003 GCL
008 140319s9999 xx 000 0 ara d
040 _aGCL /
_cGCL
082 0 4 _aط
_b649
_bع أ
100 1 _aعدلى رزق الله
245 1 0 _aتمر /
_cعدلى رزق الله
490 _aالهيئة العامة للاستعلامات
_v0
650 0 4 _aالتعليم
650 0 4 _aالاطفال
650 0 4 _aالالعاب
942 _2ddc
_cBK
999 _c51433
_d51433